| 000 | 00654nam a2200229 a 4500 | ||
|---|---|---|---|
| 001 | 72895 | ||
| 003 | BD-RjUL | ||
| 005 | 20211209082324.0 | ||
| 008 | 170524r19761971ii a|||| |||| 001 0 eng d | ||
| 035 | _a(BD-RjUL)73113 | ||
| 040 |
_aBD-RjUL _beng _cBD-RjUL |
||
| 041 | _aeng | ||
| 082 |
_223 _a621.314 _bBUA 1976 |
||
| 100 | 1 |
_aBukstein, Edward _9215611 |
|
| 245 | 1 | 0 |
_aAbc's of transformers and coils / _cBy Edward J. Bukstein |
| 260 |
_aBombay : _bD. B. Taraporevala Sons, _c1976. |
||
| 300 |
_a96 p. : _bill. ; _c20 cm. |
||
| 500 | _aIncludes indexes. | ||
| 650 |
_aRadio transformers _9215612 |
||
| 650 |
_aElectric coils _9215613 |
||
| 942 |
_2ddc _cBK |
||
| 999 |
_c72895 _d72895 |
||